[Event "Tourn. n10111"]
[Site "www.echecsemail.com"]
[Date "2019.05.25"]
[Round "1"]
[White "Tarasch"]
[Black "Fegatux"]
[WhiteElo "2320"]
[BlackElo "2270"]
[Result "1/2-1/2"]
[Round "1"]
1.d4 d5
2.c4 c6
3.Ng1f3 Ng8f6
4.Nb1c3 e6
5.Bc1g5 h6
6.Bg5h4 dxc4
7.a4 g5
8.Bh4g3 Bf8b4
9.e3 b5
10.Bf1e2 Bc8b7
11.O-O a6
12.Qd1c2 Nb8d7
13.Nf3e5 Bb4xc3
14.bxc3 O-O
15.Rf1b1 Qd8c8
16.h3 Nd7xe5
17.Bg3xe5 Nf6d7
18.Be5h2 Kg7
19.Qc2b2 Nd7b6
20.a5 Nb6d5
21.Be2xc4 bxc4
22.Qb2xb7 Nd5xc3
23.Qb7xc8 Rf8xc8
24.Rb1b4 c5
25.Rb4xc4 cxd4
26.Rc4xc8 Ra8xc8
27.Bh2e5 f6
28.Be5xd4 Nc3e2
29.Kf1 Ne2xd4
30.exd4 Rc8d8
31.Ra1a4 Rd8d5
32.Ke2 h5
33.Ke3 h4
34.f4 Kg6
35.fxg5 Rd5xg5
36.Kf2 Rg5d5
37.Kf3 Kg5
38.g4 f5
39.gxf5 Kxf5
40.Ke3 Kg5
41.Kf3 Rd5f5
42.Ke4 e5
43.Ra4a2 exd4
44.Kxd4 Rf5f3
45.Kc5 Rf3xh3
46.Kb6 Rh3b3
47.Kxa6 h3
48.Ka7 Kg4
49.a6 Kg3
50.Ka8 h2
51.Ra2a1 Rb3b2
52.a7 Kg2
{ draw }
1/2-1/2

[Event "1/32 Finale"]
[Site "www.chess-mail.com"]
[Date "2019.05.25"]
[Round "1"]
[White "Reignblowcan"]
[Black "Gvladutz"]
[WhiteElo "2520"]
[BlackElo "2500"]
[Result "1/2-1/2"]
[Round "1"]
1.c4 Ng8f6
2.Nb1c3 e5
3.g3 c6
4.Bf1g2 d5
5.d4 exd4
6.Qd1xd4 Bc8e6
7.Ng1f3 Bf8e7
8.Nf3g5 Nb8d7
9.cxd5 Be6xd5
10.Nc3xd5 cxd5
11.O-O O-O
12.Ng5h3 Be7c5
13.Qd4d1 Nd7b6
14.b3 Ra8c8
15.Bc1b2 Bc5d6
16.Nh3f4 Bd6xf4
17.gxf4 Qd8e7
18.e3 Rc8c6
19.a4 Rf8d8
20.Qd1d4 Rd8c8
21.a5 Nb6d7
22.Qd4xa7 Nd7c5
23.a6 Nc5xa6
24.Bb2xf6 Qe7xf6
25.Bg2xd5 Rc6c7
26.Rf1d1 Na6c5
27.Ra1c1 b6
28.Qa7a2 Qf6f5
29.Bd5f3 Nc5e6
30.Rc1xc7 Rc8xc7
31.Kg2 Qf5g6
32.Kf1 Qg6f5
33.Qa2a8 Ne6f8
34.Rd1d8 Rc7c1
35.Bf3d1 Qf5c5
36.Kg2 Qc5e7
37.Bd1f3 Rc1c5
38.Qa8b8 Rc5b5
39.Bf3e2 Rb5xb3
40.Rd8e8 Qe7c5
41.Re8c8 Qc5e7
42.Be2c4 Rb3b2
43.Bc4d5 Rb2d2
44.Rc8c7 Qe7xc7
45.Qb8xc7 Rd2xd5
46.Qc7xb6 g6
47.e4 Rd5d3
48.f5 gxf5
49.exf5 Rd3d5
50.Qb6f6 h6
51.Kf3 Nf8h7
52.Qf6xh6 Rd5xf5
53.Kg2 Rf5f6
54.Qh6e3 Rf6f5
55.Qe3c3 Nh7f8
56.Qc3c8 Rf5d5
57.h4 Kg7
58.Qc8c3 { draw }
1/2-1/2

[Event "1/128 Finale"]
[Site "www.chess-mail.com"]
[Date "2019.05.25"]
[Round "1"]
[White "Hennie4820"]
[Black "Libiesse"]
[WhiteElo "1940"]
[BlackElo "1810"]
[Result "1-0"]
[Round "1"]
1.e4 c5
2.Ng1f3 e6
3.d4 cxd4
4.Nf3xd4 a6
5.c4 Nb8c6
6.Nb1c3 Qd8c7
7.Bf1e2 Ng8f6
8.O-O Bf8b4
9.f3 Bb4xc3
10.bxc3 d6
11.Bc1g5 Qc7e7
12.Qd1a4 O-O
13.Nd4xc6 bxc6
14.Qa4xc6 Bc8b7
15.Qc6a4 Rf8c8
16.Ra1b1 Bb7c6
17.Qa4c2 h6
18.Bg5h4 g5
19.Bh4g3 Nf6h5
20.Bg3f2 Nh5f4
21.Rb1b6 Qe7c7
22.Rf1b1 Nf4xe2
23.Qc2xe2 Bc6e8
24.Bf2g3 Qc7c5
25.Kh1 Qc5xc4
26.Qe2xc4 Rc8xc4
27.Bg3xd6 Rc4xc3
28.Rb6b8 Ra8xb8
29.Bd6xb8 Be8b5
30.Bb8d6 Bb5c4
31.Rb1b8 Kh7
32.h3 Rc3c1
33.Kh2 Bc4xa2
34.Rb8b7 Kg6
35.Rb7a7 Ba2c4
36.Kg3 Rc1c2
37.Ra7c7 a5
38.f4 gxf4
39.Bd6xf4 a4
40.Bf4d6 Bc4f1
41.Rc7xc2 { resign }
1-0

[Event "1/32 Finale"]
[Site "www.chess-mail.com"]
[Date "2019.05.25"]
[Round "1"]
[White "Bojan"]
[Black "Gandalf50"]
[WhiteElo "2040"]
[BlackElo "2310"]
[Result "0-1"]
[Round "1"]
1.e4 c5
2.Ng1e2 Nb8c6
3.b3 e5
4.Bc1b2 d6
5.h3 g6
6.g3 Bf8g7
7.f4 Ng8h6
8.Nb1c3 O-O
9.Nc3d5 Bc8e6
10.Nd5e3 f5
11.d3 Nc6d4
12.Bf1g2 g5
13.exf5 gxf4
14.gxf4 exf4
15.Ne2xd4 Qd8h4
16.Ke2 cxd4
17.Ne3c4 f3
18.Bg2xf3 Be6xc4
19.dxc4 Ra8e8
20.Kf1 Nh6xf5
21.Bb2c1 Nf5g3
22.Kg2 Re8e2
23.Bf3xe2 Ng3e4
24.Rh1f1 Rf8f2
{ resign }
0-1

[Event "Tourn. n10069"]
[Site "www.echecsemail.com"]
[Date "2019.05.26"]
[Round "1"]
[White "Passaroa25"]
[Black "Ditto"]
[WhiteElo "1820"]
[BlackElo "1710"]
[Result "0-1"]
[Round "1"]
1.Nb1c3 d5
2.d4 Ng8f6
3.f3 Nb8c6
4.e3 Bc8f5
5.Bc1d2 e6
6.Bf1d3 Bf5xd3
7.cxd3 Bf8d6
8.Ng1e2 Nf6d7
9.Ne2g3 Qd8h4
10.f4 O-O-O
11.O-O h6
12.Bd2e1 f5
13.Ng3h1 Qh4f6
14.Be1g3 h5
15.Nh1f2 h4
16.Nf2e4 dxe4
17.dxe4 hxg3
18.h3 Bd6b4
19.a3 Bb4e7
20.b4 Rh8h6
21.e5 Qf6f7
22.Nc3e2 Be7h4
23.Qd1c2 Nd7b6
24.Rf1f3 Nb6d5
25.Ne2xg3 Qf7g6
26.Ng3e2 Bh4e7
27.Rf3g3 Qg6f7
28.Qc2d3 Be7h4
29.Rg3f3 g5
30.g3 g4
31.hxg4 fxg4
32.Rf3f1 Bh4e7
33.Kg2 Rd8h8
34.Rf1h1 Rh6xh1
35.Ra1xh1 Rh8xh1
36.Kxh1 Qf7h5
37.Kg2 Qh5h3
38.Kg1 Nc6d8
39.Qd3e4 Nd8c6
40.Qe4g2 Nd5xe3
41.Qg2xh3 gxh3
42.Kh2 Ne3f5
43.Kxh3 Nc6xd4
44.Ne2xd4 Nf5xd4
45.g4 Kd8
{ resign }
0-1

[Event "Tourn. n10123"]
[Site "www.echecsemail.com"]
[Date "2019.05.26"]
[Round "1"]
[White "Andychesston"]
[Black "Dussek"]
[WhiteElo "1940"]
[BlackElo "1930"]
[Result "1-0"]
[Round "1"]
1.e4 c5
2.Ng1f3 Nb8c6
3.d4 cxd4
4.Nf3xd4 e5
5.Nd4f5 d5
6.Bf1b5 d4
7.Qd1f3 Ng8f6
8.O-O Bc8d7
9.Bc1g5 Bf8e7
10.Nf5xg7 Kf8
11.Bg5h6 Kg8
12.Nb1d2 Bd7g4
13.Qf3g3 Qd8d7
14.Bb5xc6 Qd7xc6
15.Qg3xe5 Ra8d8
16.Qe5g5 { resign }
1-0

[Event "Tourn. n10126"]
[Site "www.echecsemail.com"]
[Date "2019.05.26"]
[Round "1"]
[White "Pariolinius"]
[Black "Hansen"]
[WhiteElo "1870"]
[BlackElo "1720"]
[Result "1-0"]
[Round "1"]
1.e4 a6
2.d4 Nb8c6
3.Ng1f3 h6
4.Bf1c4 e6
5.Bc1e3 Ng8f6
6.Nb1c3 Bf8b4
7.Bc4d3 d5
8.e5 Nf6d7
9.Qd1d2 f5
10.exf6 Nd7xf6
11.Bd3g6 Kf8
12.O-O Nc6a5
13.b3 b6
14.a3 Nf6e4
15.Bg6xe4 dxe4
16.Nf3e5 c5
17.axb4 cxd4
18.Be3xd4 Ra8a7
19.bxa5 bxa5
20.Ne5g6 Kg8
21.Qd2e3 Ra7d7
22.Ng6xh8 Kxh8
23.Bd4b6 Qd8e7
24.Ra1xa5 Qe7b4
25.Ra5a4 Qb4d6
26.Bb6c5 Qd6c6
27.Ra4xe4 Bc8b7
28.f3 a5
29.Re4xe6 Qc6c8
30.Re6e8 Qc8xe8
31.Qe3xe8 { resign }
1-0

[Event "Match"]
[Site "www.echecsemail.com"]
[Date "2019.05.26"]
[Round "1"]
[White "Add"]
[Black "Tbsundar"]
[WhiteElo "2070"]
[BlackElo "2160"]
[Result "0-1"]
[Round "1"]
1.e4 e5
2.Ng1f3 Nb8c6
3.Nb1c3 Ng8f6
4.Bf1c4 Bf8b4
5.O-O O-O
6.d4 exd4
7.Nf3xd4 Nc6e5
8.Bc4b3 Bb4xc3
9.bxc3 Nf6xe4
10.Qd1e1 d5
11.f3 c5
12.fxe4 cxd4
13.cxd4 Qd8b6
14.Bc1e3 Ne5g4
15.Bb3xd5 Ng4xe3
16.Qe1xe3 Bc8e6
17.Ra1b1 Qb6c7
18.Bd5b3 Be6xb3
19.cxb3 Ra8d8
20.e5 Qc7b6
21.Rb1d1 Rf8e8
22.Qe3f4 Rd8d7
23.Kh1 Qb6a6
24.Rf1f2 Qa6a5
25.h3 Re8xe5
26.dxe5 Rd7xd1
27.Kh2 Qa5c7
28.g3 Rd1e1
29.Rf2d2 h6
30.e6 Qc7xf4
31.gxf4 Re1xe6
32.Kg3 Re6a6
33.a4 Ra6b6
34.Rd2d3 Kh7
35.Kg4 Rb6b4
36.Kg3 f6
37.h4 Kg6
38.Kg4 h5
39.Kg3 Kf5
40.Rd3d5 Ke6
41.Rd5xh5 Rb4xb3
42.Kg4 f5
43.Rh5xf5 Rb3g3
44.Kxg3 Kxf5
45.a5 b6
46.axb6 axb6
47.Kf3 b5
{ resign }
0-1

[Event "Tourn. n10074"]
[Site "www.echecsemail.com"]
[Date "2019.05.26"]
[Round "1"]
[White "Sbb"]
[Black "Nevaeh"]
[WhiteElo "2760"]
[BlackElo "2780"]
[Result "1/2-1/2"]
[Round "1"]
1.d4 Ng8f6
2.Ng1f3 d5
3.c4 e6
4.e3 Bf8e7
5.Nb1c3 O-O
6.b3 dxc4
7.bxc4 b6
8.Bc1b2 Bc8b7
9.Qd1c2 Be7b4
10.a3 Bb4a5
11.Bf1d3 c5
12.O-O Ba5xc3
13.Bb2xc3 Bb7xf3
14.gxf3 cxd4
15.Bc3xd4 Nb8d7
16.f4 Rf8e8
17.Bd3e2 e5
18.fxe5 Nd7xe5
19.Qc2f5 Qd8e7
20.a4 Ra8c8
21.a5 Ne5xc4
22.Rf1c1 Nc4d6
23.Qf5f4 Rc8xc1
24.Ra1xc1 Nf6d5
25.Qf4f3 Nd5c7
26.axb6 Nc7e6
27.Bd4b2 axb6
28.Rc1c6 b5
29.h4 Nd6c4
30.Be2xc4 bxc4
31.Rc6xc4 { draw }
1/2-1/2

[Event "Tourn. n10147"]
[Site "www.echecsemail.com"]
[Date "2019.05.26"]
[Round "1"]
[White "Fegatux"]
[Black "D4minance"]
[WhiteElo "2300"]
[BlackElo "2800"]
[Result "0-1"]
[Round "1"]
1.d4 Ng8f6
2.c4 e6
3.Nb1c3 Bf8b4
4.e3 O-O
5.Ng1e2 Rf8e8
6.a3 Bb4f8
7.e4 d5
8.e5 Nf6d7
9.cxd5 exd5
10.b4 a5
11.b5 c5
12.g3 cxd4
13.Qd1xd4 Nd7xe5
14.Bf1g2 Bf8c5
15.Qd4xd5 Ne5d3
16.Kf1 Qd8f6
17.Bg2f3 Bc8h3
{ resign }
0-1

[Event "Match"]
[Site "www.echecsemail.com"]
[Date "2019.05.26"]
[Round "1"]
[White "D4minance"]
[Black "Goofy"]
[WhiteElo "2720"]
[BlackElo "2290"]
[Result "1-0"]
[Round "1"]
1.d4 d6
2.c4 f5
3.g3 Ng8f6
4.Bf1g2 e6
5.Ng1f3 Bf8e7
6.O-O O-O
7.b4 Nf6e4
8.Bc1b2 a5
9.b5 a4
10.Nf3d2 d5
11.Nd2xe4 fxe4
12.Nb1c3 c6
13.Nc3xa4 cxb5
14.cxb5 Qd8a5
15.Na4c3 Be7b4
16.Qd1b3 Bc8d7
17.a4 Kh8
18.f3 exf3
19.Bg2xf3 Bb4d6
20.e4 { resign }
1-0

[Event "Tourn. n10060"]
[Site "www.echecsemail.com"]
[Date "2019.05.27"]
[Round "1"]
[White "Libiesse"]
[Black "Passaroa25"]
[WhiteElo "1820"]
[BlackElo "1820"]
[Result "1-0"]
[Round "1"]
1.Ng1f3 Nb8c6
2.d4 Ng8f6
3.c4 d6
4.Nb1c3 Bc8d7
5.e3 e6
6.Bf1d3 Nc6b4
7.Bd3b1 Bd7c6
8.a3 Nb4a6
9.b4 Bc6d7
10.O-O Bf8e7
11.Bb1a2 b6
12.d5 c6
13.e4 e5
14.Bc1g5 O-O
15.Qd1d2 Na6c7
16.c5 h6
17.Bg5h4 Nf6h5
18.Bh4xe7 Qd8xe7
19.dxc6 Bd7xc6
20.Nc3d5 Nc7xd5
21.exd5 Bc6b5
22.Rf1c1 f6
23.c6 Ra8c8
24.g3 Rf8f7
25.Nf3h4 Qe7e8
26.Ba2b3 Qe8e7
27.Nh4g6 Qe7e8
28.Bb3d1 Nh5xg3
29.hxg3 Rc8c7
30.a4 Bb5a6
31.b5 Ba6c8
32.Bd1h5 f5
33.Ng6h4 g5
34.Bh5xf7 Qe8xf7
35.Nh4g2 a5
36.Ra1a3 e4
37.Ng2e3 f4
38.gxf4 Qf7xf4
39.Ne3c4 Qf4g4
40.Ra3g3 Qg4h4
41.Nc4xd6 Bc8g4
42.Rc1c3 Bg4f3
43.Rc3xf3 exf3
44.Qd2e3 Qh4f4
45.Qe3xf4 Rc7g7
46.Qf4xf3 Kh7
47.Qf3f5 Kg8
48.Rg3e3 { resign }
1-0

[Event "Tourn. n10029"]
[Site "www.echecsemail.com"]
[Date "2019.05.27"]
[Round "1"]
[White "Stepanpech"]
[Black "Tonino1"]
[WhiteElo "2580"]
[BlackElo "2300"]
[Result "1-0"]
[Round "1"]
1.c4 d6
2.Nb1c3 Ng8f6
3.d4 c6
4.Ng1f3 Qd8c7
5.h3 e5
6.e4 g6
7.d5 c5
8.Nc3b5 Qc7d8
9.Bc1g5 Bf8g7
10.Bf1d3 h6
11.Bg5e3 O-O
12.a3 a6
13.Nb5c3 Nf6e8
14.Qd1d2 Kh7
15.O-O f5
16.Qd2e2 f4
17.Be3d2 g5
18.Nf3h2 Ne8f6
19.b4 h5
20.bxc5 dxc5
21.Nc3a4 Qd8d6
22.Rf1b1 Nb8d7
23.Nh2f3 Bg7h6
24.Bd2c3 g4
25.hxg4 Nf6xg4
26.Qe2b2 Rf8f6
27.Ra1a2 b6
28.Qb2e2 Nd7f8
29.Na4xb6 Ra8b8
30.Ra2b2 Nf8g6
31.Nb6d7 Rb8xb2
32.Nd7xf6 Qd6xf6
33.Qe2xb2 Ng6h4
34.Bd3e2 Nh4xf3
35.Be2xf3 Qf6h4
36.Bf3xg4 hxg4
37.Qb2b8 g3
38.Qb8c7 Bh6g7
39.Bc3xe5 { resign }
1-0

[Event "Tourn. n10148"]
[Site "www.echecsemail.com"]
[Date "2019.05.27"]
[Round "1"]
[White "Bojan"]
[Black "Fegatux"]
[WhiteElo "2080"]
[BlackElo "2300"]
[Result "0-1"]
[Round "1"]
1.d4 Ng8f6
2.Nb1c3 d5
3.h3 e6
4.a3 c5
5.dxc5 Bf8xc5
6.e3 O-O
7.Qd1f3 Nb8c6
8.Bc1d2 e5
9.e4 Nc6d4
10.Qf3d1 dxe4
11.Bd2g5 Bc8f5
12.Bf1c4 h6
13.Bg5xf6 Qd8xf6
14.Ng1e2 Ra8d8
15.Qd1c1 e3
16.fxe3 Nd4xc2
{ resign }
0-1

[Event "Match"]
[Site "www.echecsemail.com"]
[Date "2019.05.27"]
[Round "1"]
[White "Ztornad"]
[Black "Guidom"]
[WhiteElo "1930"]
[BlackElo "2170"]
[Result "1-0"]
[Round "1"]
1.e4 e5
2.b3 Nb8c6
3.Bf1c4 d6
4.Bc4d5 Nc6e7
5.Bd5c4 Ng8f6
6.Nb1c3 c6
7.f3 Ne7g6
8.d4 exd4
9.Qd1xd4 Bf8e7
10.b4 O-O
11.Ng1e2 Qd8c7
12.Ne2f4 Ng6xf4
13.Bc1xf4 Rf8d8
14.O-O-O Nf6e8
15.Qd4e3 Be7f6
16.e5 dxe5
17.Rd1xd8 Qc7xd8
18.Bf4xe5 Bf6xe5
19.Qe3xe5 Ne8f6
20.Rh1d1 Qd8f8
21.a3 a5
22.Rd1d6 axb4
23.axb4 h6
24.Qe5g3 Kh8
25.Bc4d3 Bc8e6
26.Rd6d4 Nf6d5
27.Nc3xd5 Be6xd5
28.Qg3e5 Bd5e6
29.Kd2 b6
30.Qe5e4 g6
31.Qe4e5 Qf8g7
32.Qe5xg7 Kxg7
33.Bd3e4 Ra8c8
34.Rd4d6 c5
35.Rd6xb6 cxb4
36.Rb6xb4 h5
37.h4 Kf6
38.Rb4b5 Rc8c4
39.g3 Kg7
40.c3 Rc4c7
41.Be4d5 Be6f5
42.Bd5e4 Bf5e6
43.Be4d5 Be6f5
44.Rb5b7 Rc7xb7
45.Bd5xb7 Kf6
46.Ke3 Ke5
47.f4 Kd6
48.Kd4 Bf5e6
49.c4 f6
50.c5 Kc7
51.Bb7d5 Be6d7
52.Bd5f7 Bd7f5
53.Bf7d5 Bf5d7
54.Bd5e4 Bd7e8
55.f5 gxf5
56.Be4xf5 Be8f7
57.Bf5e4 Kd7
58.Be4f3 Bf7g6
59.g4 hxg4
60.Bf3xg4 Kc7
61.h5 Bg6f7
62.h6 Bf7g6
63.Bg4h5 Bg6h7
64.Bh5e2 Kc6
65.Be2f3 Kc7
66.Bf3e2 Kc6
67.Be2d3 f5
68.Ke5 Kxc5
69.Bd3xf5 Bh7g8
70.Kf6 Kd6
71.Kg7 { resign }
1-0

[Event "Match"]
[Site "www.echecsemail.com"]
[Date "2019.05.27"]
[Round "1"]
[White "Yudoka"]
[Black "Comrade"]
[WhiteElo "2270"]
[BlackElo "2300"]
[Result "1-0"]
[Round "1"]
1.d4 d5
2.Ng1f3 Ng8f6
3.c4 dxc4
4.e3 e6
5.Bf1xc4 c5
6.Nb1c3 Nb8c6
7.O-O Bf8e7
8.Qd1e2 a6
9.Rf1d1 Qd8c7
10.a4 Kf8
11.e4 cxd4
12.Nf3xd4 Bc8d7
13.Bc1e3 Nc6e5
14.Bc4a2 Ne5g4
15.g3 Ng4xe3
16.Qe2xe3 Be7c5
17.Qe3e2 Bc5xd4
18.Rd1xd4 Bd7c6
19.Ra1d1 Ke7
20.Nc3d5 Nf6xd5
21.exd5 Bc6xd5
22.Ba2xd5 Rh8d8
23.Bd5f3 Qc7b6
24.Rd4xd8 Ra8xd8
25.Rd1xd8 Kxd8
26.Qe2d2 Ke7
27.b4 h6
28.Kg2 g5
29.Qd2c3 f6
30.Qc3c5 Qb6xc5
31.bxc5 b5
32.cxb6 Kd7
33.b7 Kc7
34.a5 f5
35.Bf3c6 { resign }
1-0

[Event "Tourn. n10138"]
[Site "www.echecsemail.com"]
[Date "2019.05.27"]
[Round "1"]
[White "Conde7"]
[Black "Seger"]
[WhiteElo "2810"]
[BlackElo "2810"]
[Result "1-0"]
[Round "1"]
1.e4 c5
2.Ng1f3 d6
3.d4 cxd4
4.Nf3xd4 Ng8f6
5.Nb1c3 a6
6.h3 b5
7.Nc3d5 Bc8b7
8.Nd5xf6 gxf6
9.c4 e5
10.Nd4e2 f5
11.Ne2c3 fxe4
12.cxb5 d5
13.bxa6 Nb8c6
14.axb7 Ra8a5
15.a4 Bf8c5
16.Bf1b5 { resign }
1-0

[Event "Tourn. n10042"]
[Site "www.echecsemail.com"]
[Date "2019.05.27"]
[Round "1"]
[White "Ejner"]
[Black "Gimmyg"]
[WhiteElo "2430"]
[BlackElo "2620"]
[Result "1/2-1/2"]
[Round "1"]
1.d4 Ng8f6
2.Bc1g5 c5
3.Bg5xf6 exf6
4.dxc5 Bf8xc5
5.e3 O-O
6.c3 d5
7.Ng1e2 Rf8e8
8.Nb1d2 Nb8c6
9.Nd2b3 Bc5b6
10.Ne2d4 Qd8d6
11.Bf1e2 f5
12.O-O f4
13.exf4 Qd6xf4
14.Be2f3 Re8e5
15.Rf1e1 Bc8e6
16.Re1e2 Ra8e8
17.Qd1c1 Qf4f6
18.Qc1d2 Re5xe2
19.Bf3xe2 Nc6e5
20.Ra1e1 Be6d7
21.Nd4f3 h6
22.Nb3d4 Ne5c6
23.Nd4xc6 bxc6
24.Be2d3 Re8xe1
25.Qd2xe1 a5
26.Qe1e5 Qf6xe5
27.Nf3xe5 Bd7e8
28.Kf1 Kf8
29.Ke2 Ke7
30.h4 Ke6
31.Ne5g4 f5
32.Ng4e3 f4
33.Ne3f5 Kf6
34.Nf5d4 Be8h5
35.Nd4f3 g5
36.hxg5 hxg5
37.Ke1 g4
38.Nf3d4 Bh5e8
39.Bd3a6 Ke5
40.Ba6c8 Bb6xd4
41.cxd4 Kxd4
42.Bc8xg4 c5
43.Kd2 Ke5
44.Bg4f3 { draw }
1/2-1/2

[Event "Tourn. n10033"]
[Site "www.echecsemail.com"]
[Date "2019.05.27"]
[Round "1"]
[White "Jose"]
[Black "Numanoid"]
[WhiteElo "2820"]
[BlackElo "2740"]
[Result "1/2-1/2"]
[Round "1"]
1.e4 e6
2.d4 d5
3.Nb1c3 Bf8b4
4.e5 b6
5.a3 Bb4f8
6.Ng1f3 Ng8e7
7.Bf1d3 Bc8a6
8.Bd3xa6 Nb8xa6
9.O-O Na6b8
10.Bc1e3 Nb8d7
11.Nc3e2 c5
12.c4 dxc4
13.dxc5 Nd7xc5
14.Be3xc5 Qd8xd1
15.Ra1xd1 bxc5
16.Nf3d2 Ne7d5
17.Nd2xc4 Nd5b6
18.Nc4xb6 axb6
19.Ne2c3 g5
20.g3 g4
21.Rf1e1 h5
22.Nc3b5 Ra8d8
23.a4 Bf8e7
24.Nb5c7 Kf8
25.Rd1xd8 Be7xd8
26.Nc7b5 Ke7
27.Kg2 h4
28.Re1e4 hxg3
29.fxg3 Rh8h5
30.Nb5a3 Bd8c7
31.Na3c4 Rh5g5
32.b3 Kd7
33.Nc4e3 Bc7xe5
34.Re4xg4 Rg5xg4
35.Ne3xg4 Be5d4
36.h4 Kd6
37.Ng4h2 f5
38.Nh2f3 Bd4e3
39.Nf3e1 c4
40.bxc4 Kc5
41.Kf3 Be3h6
42.Kg2 Kxc4
43.Ne1f3 Kb4
44.Nf3g5 { draw }
1/2-1/2

[Event "Tourn. n10079"]
[Site "www.echecsemail.com"]
[Date "2019.05.27"]
[Round "1"]
[White "Seger"]
[Black "Jose"]
[WhiteElo "2780"]
[BlackElo "2820"]
[Result "1/2-1/2"]
[Round "1"]
1.e4 c5
2.Ng1f3 d6
3.d4 cxd4
4.Qd1xd4 Nb8c6
5.Qd4e3 g6
6.Bf1e2 Bf8g7
7.O-O Ng8f6
8.Nb1c3 O-O
9.Rf1d1 Bc8g4
10.Nc3d5 Nf6d7
11.c3 Ra8c8
12.h3 Bg4xf3
13.Qe3xf3 e6
14.Nd5e3 Nc6e5
15.Qf3g3 Nd7c5
16.f3 Qd8c7
17.Kh1 Rf8d8
18.Ne3g4 Ne5xg4
19.hxg4 Bg7e5
20.f4 Be5g7
21.Be2f3 b5
22.Qg3e1 a5
23.Bc1e3 Nc5a4
24.Ra1b1 h6
25.Qe1d2 Na4b6
26.Qd2e2 Nb6c4
27.Be3f2 a4
28.b3 Nc4a3
29.Rb1c1 Bg7xc3
30.Bf2d4 b4
31.Bd4f6 axb3
32.axb3 Qc7b6
33.Bf6xd8 Rc8xd8
34.f5 Kg7
35.g3 Na3b5
36.Qe2d3 Nb5a7
37.fxe6 fxe6
38.Qd3c4 Na7c6
39.Bf3g2 Kf7
40.Rd1f1 Ke7
{ draw }
1/2-1/2

[Event "Tourn. n10123"]
[Site "www.echecsemail.com"]
[Date "2019.05.27"]
[Round "1"]
[White "Iko"]
[Black "Andychesston"]
[WhiteElo "1820"]
[BlackElo "1940"]
[Result "0-1"]
[Round "1"]
1.e4 e5
2.Ng1f3 Nb8c6
3.Bf1b5 d6
4.Bb5xc6 bxc6
5.O-O Bc8g4
6.Rf1e1 Ng8f6
7.h3 Bg4h5
8.g4 Bh5xg4
9.hxg4 Nf6xg4
10.Nb1c3 Qd8f6
11.Qd1e2 Bf8e7
12.Qe2a6 O-O
13.d3 Qf6xf3
14.Qa6xc6 Qf3xf2
15.Kh1 Qf2h2

0-1

[Event "Tourn. n10089"]
[Site "www.echecsemail.com"]
[Date "2019.05.28"]
[Round "1"]
[White "Apdash"]
[Black "Cathar"]
[WhiteElo "2130"]
[BlackElo "2180"]
[Result "1-0"]
[Round "1"]
1.e4 e6
2.d4 d5
3.exd5 exd5
4.Ng1f3 Bf8d6
5.Bf1e2 Ng8e7
6.O-O Bc8g4
7.Rf1e1 Nb8c6
8.Bc1g5 Qd8d7
9.Nb1d2 O-O-O
10.c3 f6
11.Bg5e3 Ne7f5
12.b4 Nf5xe3
13.fxe3 Rd8e8
14.Nd2f1 Nc6e7
15.h3 Bg4h5
16.a4 Bh5g6
17.Qd1b3 Ne7f5
18.Be2b5 c6
19.Bb5d3 Nf5g3
20.Bd3xg6 hxg6
21.b5 Ng3xf1
22.Kxf1 Bd6g3
23.Re1e2 Re8e6
24.c4 dxc4
25.Qb3xc4 Kb8
26.e4 Rh8e8
27.bxc6 Re6xc6
28.Qc4b3 Re8c8
29.Ra1d1 Rc6c3
30.Qb3b4 Rc3c4
31.Qb4a5 Rc4xa4
32.Qa5d2 Qd7b5
33.Kg1 Ra4b4
34.e5 Rb4b1
35.e6 Rb1xd1
36.Qd2xd1 Rc8e8
37.d5 Bg3d6
38.g4 Qb5b6
39.Kg2 Bd6e7
40.Nf3d2 Re8d8
41.Nd2e4 Qb6xe6
42.dxe6 Rd8xd1
43.Ne4c3 Rd1d3
44.Nc3e4 a5
45.Ne4f2 Rd3b3
46.Nf2d1 Rb3d3
47.Nd1e3 a4
48.Kf3 a3
49.Ke4 Rd3d6
50.Kf3 Rd6xe6
51.Re2a2 b5
52.Ne3d5 b4
53.Nd5xe7 { resign }
1-0

[Event "Tourn. n10078"]
[Site "www.echecsemail.com"]
[Date "2019.05.28"]
[Round "1"]
[White "Seger"]
[Black "Nevaeh"]
[WhiteElo "2760"]
[BlackElo "2780"]
[Result "1/2-1/2"]
[Round "1"]
1.e4 e5
2.g3 d5
3.exd5 Qd8xd5
4.Ng1f3 Bc8g4
5.Bf1e2 Nb8c6
6.Nb1c3 Qd5d7
7.d4 Bg4xf3
8.Be2xf3 exd4
9.Nc3e2 O-O-O
10.O-O h5
11.h4 Nc6e5
12.Bf3g2 Ng8h6
13.Bc1xh6 Rh8xh6
14.Ne2f4 Kb8
15.Rf1e1 Ne5g4
16.Bg2h3 Rh6h8
17.f3 d3
18.Nf4xd3 Qd7d4
19.Kh1 Ng4e3
20.Qd1e2 Rd8e8
21.Qe2f2 Bf8d6
22.Re1e2 Re8e7
23.Ra1e1 Rh8e8
24.f4 a5
25.Bh3d7 Qd4d5
26.Kh2 Re7xd7
27.Re2xe3 Re8xe3
28.Re1xe3 Rd7e7
29.Re3xe7 Bd6xe7
30.b3 Qd5e4
31.Qf2g2 Qe4e6
32.Qg2f3 Qe6f5
33.Qf3e3 Be7d6
34.c4 b6
35.Kg2 g6
36.Qe3e8 Ka7
37.Qe8e3 a4
38.b4 a3
39.Kf2 Bd6f8
40.Qe3e5 Qf5xd3
41.Qe5xc7 Ka6
42.Qc7c8 { draw }
1/2-1/2

[Event "Tourn. n10114"]
[Site "www.echecsemail.com"]
[Date "2019.05.28"]
[Round "1"]
[White "Cathar"]
[Black "Greghghs"]
[WhiteElo "2170"]
[BlackElo "2460"]
[Result "1-0"]
[Round "1"]
1.d4 f5
2.g3 e6
3.Bf1g2 Ng8f6
4.Ng1f3 Bf8e7
5.c4 O-O
6.O-O d6
7.Nb1c3 Nf6e4
8.Nc3xe4 fxe4
9.Nf3d2 d5
10.f3 Nb8c6
11.e3 exf3
12.Nd2xf3 Qd8e8
13.Bc1d2 Bc8d7
14.Ra1c1 Qe8h5
15.Qd1b3 Ra8b8
16.cxd5 exd5
17.Nf3e5 Bd7e6
18.Bg2xd5 Be6xd5
19.Qb3xd5 Kh8
20.Ne5f7 { resign }
1-0

[Event "Tourn. n10138"]
[Site "www.echecsemail.com"]
[Date "2019.05.28"]
[Round "1"]
[White "Reignblowcan"]
[Black "Conde7"]
[WhiteElo "2610"]
[BlackElo "2810"]
[Result "0-1"]
[Round "1"]
1.c4 Ng8f6
2.Nb1c3 e5
3.g3 Bf8b4
4.Bf1g2 O-O
5.e3 Bb4xc3
6.bxc3 Rf8e8
7.Ng1h3 c6
8.O-O d5
9.cxd5 cxd5
10.f4 Bc8g4
11.Qd1b3 Bg4e2
12.Rf1e1 Be2c4
13.Qb3xb7 Nb8d7
14.Qb7b1 Nd7c5
15.Bg2f1 e4
16.Bc1a3 Nc5d3
17.Bf1xd3 Bc4xd3
18.Qb1d1 Qd8c7
19.Nh3f2 Bd3c4
20.h4 h5
21.Kh1 g6
22.g4 Kg7
23.g5 Nf6d7
24.d3 Bc4xd3
25.Nf2xd3 exd3
26.Qd1xd3 Nd7b6
27.Ra1d1 Ra8d8
28.Kh2 Nb6c4
29.Ba3c1 Re8e4
30.Qd3e2 Rd8e8
31.Qe2f2 Qc7c6
32.Rd1d4 Nc4d6
{ resign }
0-1

[Event "Tourn. n10078"]
[Site "www.echecsemail.com"]
[Date "2019.05.28"]
[Round "1"]
[White "Pdebonis"]
[Black "Reignblowcan"]
[WhiteElo "2700"]
[BlackElo "2560"]
[Result "1/2-1/2"]
[Round "1"]
1.d4 Ng8f6
2.c4 e6
3.Ng1f3 d5
4.Nb1c3 c6
5.e3 Nb8d7
6.Bf1d3 dxc4
7.Bd3xc4 b5
8.Bc4e2 Bc8b7
9.O-O Bf8e7
10.e4 b4
11.e5 bxc3
12.exf6 Nd7xf6
13.bxc3 c5
14.Qd1a4 Kf8
15.Ra1b1 Bb7e4
16.Rb1b2 Qd8c7
17.Nf3e5 Nf6d5
18.Bc1d2 Nd5b6
19.Qa4d1 Ra8d8
20.Be2f3 Be4d5
21.Bd2f4 Be7d6
22.Bf3xd5 Nb6xd5
23.Qd1f3 Nd5xf4
24.Qf3xf4 h5
25.Rf1b1 cxd4
26.cxd4 Kg8
27.g3 f6
28.Rb2b7 fxe5
29.Qf4g5 Bd6e7
30.Qg5g6 Qc7d6
31.dxe5 Qd6xe5
32.Rb7xe7 Rh8h6
33.Qg6c2 h4
34.Qc2c7 Qe5xc7
35.Re7xc7 Rd8d2
36.Rb1b7 Rd2d1
37.Kg2 h3
38.Kf3 Rh6g6
39.Rb7xa7 Rd1h1
40.Rc7c8 Kh7
41.Ra7a4 Rg6f6
42.Ra4f4 e5
43.Rf4xf6 gxf6
44.a4 e4
45.Ke2 Rh1a1
46.Rc8a8 Kg6
47.a5 Kf5
48.a6 Ra1a2
49.Ke3 { draw }
1/2-1/2

[Event "Tourn. n10101"]
[Site "www.echecsemail.com"]
[Date "2019.05.28"]
[Round "1"]
[White "Bojan"]
[Black "Fabos12"]
[WhiteElo "2010"]
[BlackElo "1900"]
[Result "0-1"]
[Round "1"]
1.e4 e5
2.Ng1f3 Nb8c6
3.Bf1b5 a6
4.Bb5xc6 bxc6
5.d4 exd4
6.Qd1xd4 c5
7.Qd4e3 Bc8b7
8.O-O Ng8f6
9.e5 Nf6d5
10.Qe3e4 Ra8b8
11.Qe4c4 Bf8e7
12.Nb1c3 Nd5xc3
13.Qc4xc3 O-O
14.b3 d5
15.Bc1f4 d4
16.Qc3d3 Qd8d7
17.Nf3d2 g5
18.Bf4g3 h5
19.f4 h4
20.Bg3e1 g4
21.Nd2e4 Qd7d5
22.Be1a5 Qd5xe4
23.Rf1f2 h3
24.Qd3xe4 Bb7xe4
25.gxh3 Be7h4
26.Rf2d2 gxh3
27.Ba5xc7 Rb8c8
28.Bc7d6 Rf8d8
29.Ra1c1 Kh7
30.c3 Rd8g8
31.Kf1 d3
32.Rc1d1 Be4g2
33.Kg1 Bg2f3
34.Kf1 Bf3xd1
35.Rd2xd1 Rg8g2
36.Rd1xd3 Rg2f2
37.Ke1 f6
38.Kd1 Rc8g8
39.Kc1 Rf2xa2
40.Bd6xc5 fxe5
41.Kb1 Ra2xh2
42.fxe5 Rh2h1
43.Ka2 a5
44.Rd3d2 Rg8g2
45.Bc5e3 Rg2xd2
{ resign }
0-1

[Event "Match"]
[Site "www.echecsemail.com"]
[Date "2019.05.28"]
[Round "1"]
[White "Cathar"]
[Black "D4minance"]
[WhiteElo "2140"]
[BlackElo "2720"]
[Result "0-1"]
[Round "1"]
1.e4 g6
2.d4 Bf8g7
3.Ng1f3 d6
4.Bf1c4 Ng8f6
5.Qd1e2 O-O
6.e5 Nf6e8
7.Nb1d2 c5
8.dxc5 Nb8c6
9.exd6 exd6
10.O-O dxc5
11.Nd2e4 Bc8f5
{ resign }
0-1

[Event "Match"]
[Site "www.echecsemail.com"]
[Date "2019.05.28"]
[Round "1"]
[White "Fegatux"]
[Black "Cathar"]
[WhiteElo "2270"]
[BlackElo "2200"]
[Result "1-0"]
[Round "1"]
1.d4 Ng8f6
2.c4 e6
3.g3 c5
4.d5 exd5
5.cxd5 d6
6.Nb1c3 g6
7.Ng1f3 Bf8g7
8.Bf1g2 O-O
9.O-O Rf8e8
10.Nf3d2 Nb8a6
11.Nd2c4 Na6c7
12.a4 b6
13.Bc1f4 Bg7f8
14.e4 Bc8a6
15.Qd1b3 Ba6xc4
16.Qb3xc4 Nf6d7
17.Nc3b5 Nd7e5
18.Bf4xe5 Re8xe5
19.f4 Re5e8
20.Ra1e1 Nc7xb5
21.axb5 Bf8g7
22.b3 Qd8d7
23.e5 dxe5
24.d6 Ra8d8
25.Bg2c6 Qd7xd6
26.Qc4xf7 Kxf7
27.fxe5 Kg8
28.exd6 Re8xe1
29.Rf1xe1 Bg7d4
30.Kg2 Rd8xd6
31.Re1e8 Kf7
32.Re8a8 h6
33.Ra8xa7 Kf6
34.Ra7b7 c4
35.bxc4 Bd4c5
36.Bc6d5 h5
37.h4 g5
38.hxg5 Kxg5
39.Rb7g7 Kh6
40.Rg7g8 { resign }
1-0